Statistics for Armin van Buuren Charting Songs (Billboard Hot Dance)

Click here to take the quiz!

General Stats

  • This quiz has been taken 24 times
    (5 since last reset)
  • The average score is 5 of 15

Answer Stats

AlbumWeeks OnPeakArtist(s)Song% Correct
Balance10 Weeks#31Armin van BuurenBlah Blah Blah
75%
Intense32 Weeks#10Armin van Buuren ft. Trevor GuthrieThis is What It Feels Like
50%
Embrace20 Weeks#21Armin van Buuren ft. Mr ProbzAnother You
25%
Feel Again1 Week#34Armin van Buuren & Matoma ft. Teddy SwimsEasy to Love
25%
The Best of Armin Only and Balance7 Weeks#44Armin van Buuren & Garibay ft. Olaf BlackwoodI Need You
25%
Non-Album Single18 Weeks#19Alesso & Armin Van BuurenLeave a Little Love
25%
Feel Again2 Weeks#33Armin van Buuren & R3HAB ft. Simon WardLove We Lost
25%
Non-Album Single1 Week#26Steve Aoki & Armin van BuurenMusic Means Love Forever
25%
Feel Again3 Weeks#30Armin van Buuren & Punctual ft. AlikaOn & On
25%
A State of Trance 20145 Weeks#33Armin van BuurenPing Pong
25%
Balance1 Week#49Armin van Buuren ft. Candace SosaRunaway
25%
Intense2 Weeks#20Armin van BuurenSave My Night
25%
Balance1 Week#36Above & Beyond & Armin van BuurenShow Me Love
25%
Embrace1 Week#47Armin van Buuren ft. Cimo FrankelStrong Ones
25%
Balance1 Week#43Armin van Buuren ft. Josh CumbeeSunny Days
25%

Score Distribution

Percentile by Number Answered

Percent of People with Each Score

Your Score History

You have not taken this quiz since the last reset